000 00409nam a22001697a 4500
005 20160525120349.0
008 160525b xxu||||| |||| 00| 0 eng d
020 _a81-203-0906-X
041 _aeng
082 _b4854
100 _aShariro, Alan C.
_91226
245 _aMultinational Financial Mgt.
260 _aNew Delhi
_bAcademic Faundation
300 _a708
650 _aManagement
_9241
942 _cBK
999 _c1682
_d1681